<?xml version="1.0" encoding="UTF-8"?>
<record
    xmlns:xsi="http://www.w3.org/2001/XMLSchema-instance"
    xsi:schemaLocation="http://www.loc.gov/MARC21/slim http://www.loc.gov/standards/marcxml/schema/MARC21slim.xsd"
    xmlns="http://www.loc.gov/MARC21/slim">

  <leader>01596nam0a2200349   4500</leader>
  <controlfield tag="001">RU\NLR\bibl\86275</controlfield>
  <controlfield tag="005">20260409072940.0</controlfield>
  <datafield tag="010" ind1=" " ind2=" ">
    <subfield code="a">5-227-00227-4</subfield>
    <subfield code="9">10000</subfield>
  </datafield>
  <datafield tag="021" ind1=" " ind2=" ">
    <subfield code="a">RU</subfield>
    <subfield code="b">2000-2998</subfield>
    <subfield code="9">149</subfield>
  </datafield>
  <datafield tag="035" ind1=" " ind2=" ">
    <subfield code="a">(NLR Aleph) 000084273</subfield>
  </datafield>
  <datafield tag="090" ind1=" " ind2=" ">
    <subfield code="a">470464</subfield>
    <subfield code="c">470464</subfield>
  </datafield>
  <datafield tag="100" ind1=" " ind2=" ">
    <subfield code="a">20000516d2000    u  y0rusy50      ca</subfield>
  </datafield>
  <datafield tag="101" ind1="1" ind2=" ">
    <subfield code="a">rus</subfield>
    <subfield code="c">eng</subfield>
  </datafield>
  <datafield tag="102" ind1=" " ind2=" ">
    <subfield code="a">RU</subfield>
  </datafield>
  <datafield tag="105" ind1=" " ind2=" ">
    <subfield code="a">y   |||||||||</subfield>
  </datafield>
  <datafield tag="200" ind1="1" ind2=" ">
    <subfield code="a">&#x41A;&#x430;&#x43A; &#x438;&#x437;&#x43C;&#x435;&#x43D;&#x438;&#x442;&#x44C; &#x441;&#x432;&#x43E;&#x44E; &#x436;&#x438;&#x437;&#x43D;&#x44C;</subfield>
    <subfield code="e">&#x424;&#x43E;&#x440;&#x43C;&#x443;&#x43B;&#x430; &#x441;&#x447;&#x430;&#x441;&#x442;&#x44C;&#x44F;</subfield>
    <subfield code="f">&#x411;&#x430;&#x440;&#x431;&#x430;&#x440;&#x430; &#x414;&#x435; &#x410;&#x43D;&#x434;&#x436;&#x435;&#x43B;&#x438;&#x441;</subfield>
    <subfield code="g">&#x41F;&#x435;&#x440;. &#x441; &#x430;&#x43D;&#x433;&#x43B;. &#x41F;.&#x412;. &#x420;&#x443;&#x431;&#x446;&#x43E;&#x432;&#x430;</subfield>
  </datafield>
  <datafield tag="210" ind1=" " ind2=" ">
    <subfield code="a">&#x41C;.</subfield>
    <subfield code="c">&#x426;&#x435;&#x43D;&#x442;&#x440;&#x43F;&#x43E;&#x43B;&#x438;&#x433;&#x440;&#x430;&#x444;</subfield>
    <subfield code="d">2000</subfield>
  </datafield>
  <datafield tag="215" ind1=" " ind2=" ">
    <subfield code="a">345,[1] &#x441;.</subfield>
    <subfield code="d">20</subfield>
  </datafield>
  <datafield tag="225" ind1="1" ind2=" ">
    <subfield code="a">&#x41F;&#x43E;&#x43F;&#x443;&#x43B;&#x44F;&#x440;&#x43D;&#x430;&#x44F; &#x43F;&#x441;&#x438;&#x445;&#x43E;&#x43B;&#x43E;&#x433;&#x438;&#x44F;</subfield>
    <subfield code="d">Public psychology</subfield>
  </datafield>
  <datafield tag="300" ind1=" " ind2=" ">
    <subfield code="a">&#x417;&#x430;&#x433;&#x43B;. &#x438; &#x430;&#x432;&#x442;. &#x43E;&#x440;&#x438;&#x433;.: Real moments: Discover the secret for true happiness / Barbara De Angelis</subfield>
  </datafield>
  <datafield tag="300" ind1=" " ind2=" ">
    <subfield code="a">&#x41D;&#x430; &#x43E;&#x431;&#x43E;&#x440;&#x43E;&#x442;&#x435; &#x442;&#x438;&#x442;.&#x43B;. &#x430;&#x432;&#x442;.: &#x434;-&#x440; &#x444;&#x438;&#x43B;&#x43E;&#x441;&#x43E;&#x444;&#x438;&#x438; &#x411;&#x430;&#x440;&#x431;&#x430;&#x440;&#x430; &#x414;&#x435; &#x410;&#x43D;&#x434;&#x436;&#x435;&#x43B;&#x438;&#x441;</subfield>
  </datafield>
  <datafield tag="454" ind1=" " ind2="0">
    <subfield code="1">2001#$aReal moments$eDiscover the secret for true happiness$fBarbara De Angelis</subfield>
    <subfield code="t">Real moments</subfield>
  </datafield>
  <datafield tag="606" ind1=" " ind2=" ">
    <subfield code="a">&#x421;&#x447;&#x430;&#x441;&#x442;&#x44C;&#x435; (&#x43F;&#x441;&#x438;&#x445;&#x43E;&#x43B;.)</subfield>
    <subfield code="j">&#x41F;&#x43E;&#x43F;&#x443;&#x43B;&#x44F;&#x440;&#x43D;&#x430;&#x44F; &#x43B;&#x438;&#x442;&#x435;&#x440;&#x430;&#x442;&#x443;&#x440;&#x430;</subfield>
    <subfield code="3">RU\NLR\auth\661248574</subfield>
    <subfield code="9">2073650</subfield>
  </datafield>
  <datafield tag="606" ind1=" " ind2=" ">
    <subfield code="a">&#x421;&#x447;&#x430;&#x441;&#x442;&#x44C;&#x435; (&#x43F;&#x441;&#x438;&#x445;&#x43E;&#x43B;.)</subfield>
    <subfield code="j">&#x41F;&#x43E;&#x43F;&#x443;&#x43B;&#x44F;&#x440;&#x43D;&#x44B;&#x435; &#x438;&#x437;&#x434;&#x430;&#x43D;&#x438;&#x44F;</subfield>
    <subfield code="3">RU\NLR\auth\661248574</subfield>
    <subfield code="9">2073650</subfield>
  </datafield>
  <datafield tag="686" ind1=" " ind2=" ">
    <subfield code="a">&#x421;550.354&#x44F;9</subfield>
  </datafield>
  <datafield tag="700" ind1=" " ind2="1">
    <subfield code="4">070</subfield>
    <subfield code="8">rus</subfield>
    <subfield code="7">ca</subfield>
    <subfield code="a">&#x414;&#x435; &#x410;&#x43D;&#x434;&#x436;&#x435;&#x43B;&#x438;&#x441;</subfield>
    <subfield code="b">&#x411;.</subfield>
    <subfield code="g">&#x411;&#x430;&#x440;&#x431;&#x430;&#x440;&#x430;</subfield>
    <subfield code="3">RU\NLR\auth\779858</subfield>
    <subfield code="9">119657</subfield>
  </datafield>
  <datafield tag="801" ind1=" " ind2="0">
    <subfield code="a">RU</subfield>
    <subfield code="b">NLR</subfield>
    <subfield code="c">20000516</subfield>
    <subfield code="g">PSBO</subfield>
  </datafield>
  <datafield tag="801" ind1=" " ind2="1">
    <subfield code="a">RU</subfield>
    <subfield code="b">NLR</subfield>
    <subfield code="c">20000516</subfield>
  </datafield>
  <datafield tag="852" ind1=" " ind2=" ">
    <subfield code="a">NLR</subfield>
    <subfield code="j">2000-3/2924</subfield>
  </datafield>
  <datafield tag="942" ind1=" " ind2=" ">
    <subfield code="c">BOOK</subfield>
  </datafield>
  <datafield tag="980" ind1=" " ind2=" ">
    <subfield code="a">NB</subfield>
  </datafield>
  <datafield tag="995" ind1=" " ind2=" ">
    <subfield code="5">2000-05-16</subfield>
    <subfield code="a">ad</subfield>
    <subfield code="b">NLR01</subfield>
    <subfield code="c">NLR01</subfield>
    <subfield code="e">RF8</subfield>
    <subfield code="f">1-1071402</subfield>
    <subfield code="k">2000-3/2924</subfield>
    <subfield code="o">0</subfield>
    <subfield code="r">BOOK</subfield>
    <subfield code="s">200032924_</subfield>
  </datafield>
  <datafield tag="995" ind1=" " ind2=" ">
    <subfield code="5">2000-05-16</subfield>
    <subfield code="a">ad</subfield>
    <subfield code="b">NLR01</subfield>
    <subfield code="c">NLR01</subfield>
    <subfield code="e">RF8</subfield>
    <subfield code="f">32195</subfield>
    <subfield code="k">2000-3/2924</subfield>
    <subfield code="o">0</subfield>
    <subfield code="r">BOOK</subfield>
    <subfield code="s">200032924_</subfield>
  </datafield>
</record>
